Films Disney par chansons - Statistiques

Statistiques générales
  • Ce quiz a été pris 1 269 fois
    1 255 depuis la dernière actualisation
  • Le résultat moyen est 12 sur 15
Statistiques - réponses
Hint Réponse % Correct
Le renouveau ; Libérée, délivrée La reine des neiges
99%
Un poco loco ; Ne m'oublies pas Coco
96%
Siffler en travaillant ; Un jour mon prince viendra Blanche Neige et les sept nains
94%
Des gammes et des arpèges ; Tout le monde veut devenir un cat Les aristochats
92%
Au détour de la rivière ; L'air du vent Pocahontas : Une légende indienne
88%
Que sais-je faire d'autre ? ; Ne parlons pas de Bruno Encanto : La fantastique famille Madrigal
87%
A la file indienne ;Tu t'envoles Peter Pan
85%
Honneur à tous ; Comme un homme Mulan
84%
Bling-Bling ; Le bleu lumière Vaiana : La Légende du bout du monde
84%
N'écoute que moi ; Où est la vraie vie Raiponce
83%
La maison du rêve ; Cruelle diablesse Les 101 dalmatiens
82%
Humains pour la vie ; Au bout du rêve La princesse et la grenouille
66%
Bonne compagnie ; Mais pourquoi m'en faire Oliver et compagnie
65%
Jamais je n'avouerai ; Le monde qui est le mien Hercule
61%
Infernale ; Rien qu'un jour Le Bossu de Notre-Dame
54%
Aucun quiz correspondant
Distribution des résultats
% des personnes avec chaque résultat
Percentile par nombre de réponses
Votre historique - résultats
Vous n’avez pas pris ce quiz depuis la dernière actualisation